| 000 | 01919nam0a22003851 4500 | ||
|---|---|---|---|
| 001 | rc\2752565 | ||
| 005 | 20131223153900.4 | ||
| 035 | _a(NLR Aleph) 006879428 | ||
| 090 |
_a7031456 _c7031456 |
||
| 100 | _a20110915d1939 u y0rusy50 ca | ||
| 101 | 0 | _arus | |
| 102 | _aRU | ||
| 105 | _ay z ||||| | ||
| 135 | _acocn 300apabp | ||
| 135 | _acrcn 024aaada | ||
| 200 | 1 |
_aПервобытные производственные объединения и социалистическое строительство у эвенков _fН. П. Никульшин _gГлавсевморпуть при СНК СССР, Н.-и. ассоциация Ин-та народов Севера им. П. Г. Смидовича |
|
| 210 |
_aЛенинград _cИзд-во Главсевморпути _d1939 |
||
| 215 |
_a144 с. _d21 см. |
||
| 320 | _aБиблиогр.: с. 140-143 (87 назв.) и в подстроч. примеч. | ||
| 325 | _aКопия доступна в Электрон. б-ке РНБ http://vivaldi.nlr.ru/bx000023202/view | ||
| 607 |
_aЭвенкийский национальный округ _xНародное хозяйство _92129498 _3RU\NLR\AUTH\661284910 |
||
| 617 |
_aСССР _mСибирь Восточная _cЭвенкийский национальный округ |
||
| 686 | _aУ03(2Р-4Кра-6Э) | ||
| 700 | 1 |
_7ca _8rus _aНикульшин _bН. П. _f1908-1941 _gНиколай Петрович _9127276 _3RU\NLR\AUTH\770127300 |
|
| 801 | 0 |
_aRU _bNLR _gpsbo |
|
| 801 | 1 |
_aRU _bELAR _2rusmarc |
|
| 801 | 2 |
_aRU _bNLR _c20131021 _2rusmarc |
|
| 852 |
_aNLR _j39-3/947 |
||
| 856 | 0 | _uhttp://vivaldi.nlr.ru/bx000023202/view | |
| 856 | 1 | _uhttp://vivaldi.nlr.ru/bx000023202/cover | |
| 856 | 2 | _uhttp://vivaldi.nlr.ru/bx000023202/text | |
| 942 | _cBOOK | ||
| 980 | _aNB | ||
| 981 | 2 | 2 | _a(22) Материалы по истории России |